000 00336nam a2200133Ia 4500
008 240624s9999 xx 000 0 und d
041 _aeng
082 _a332.6 HIR
100 _aHIRT GEOFFREY
245 _aFUNDAMENTAL OF INVESTMENT MANAGEMENT
260 _c2009
_aNew Delhi
_bTata McGraw- Hill
300 _a736 : p.
365 _cRS
_b30
999 _c15775
_d15775